<?xml version="1.0" encoding="UTF-8"?><record xmlns="http://www.loc.gov/MARC21/slim" xmlns:zs="http://docs.oasis-open.org/ns/search-ws/sruResponse">
  <leader>02434cas a2200517 a 4500</leader>
  <controlfield tag="001">11279911</controlfield>
  <controlfield tag="008">840316d18881919moudr ne      0   a0eng  </controlfield>
  <controlfield tag="005">20250630005249.4</controlfield>
  <datafield ind1=" " ind2=" " tag="010">
    <subfield code="a">sn 84020274 </subfield>
  </datafield>
  <datafield ind1="1" ind2=" " tag="022">
    <subfield code="a">2157-1368</subfield>
    <subfield code="2">1</subfield>
  </datafield>
  <datafield ind1=" " ind2=" " tag="035">
    <subfield code="a">(OCoLC)10528286</subfield>
  </datafield>
  <datafield ind1=" " ind2=" " tag="040">
    <subfield code="a">DLC</subfield>
    <subfield code="b">eng</subfield>
    <subfield code="c">DLC</subfield>
    <subfield code="d">NPT</subfield>
    <subfield code="d">PPM</subfield>
    <subfield code="d">NPV</subfield>
    <subfield code="d">NPH</subfield>
    <subfield code="d">MQN</subfield>
    <subfield code="d">YOX</subfield>
    <subfield code="d">KNP</subfield>
    <subfield code="d">MGN</subfield>
    <subfield code="d">MQN</subfield>
    <subfield code="d">NVF</subfield>
    <subfield code="d">CNK</subfield>
    <subfield code="d">OBN</subfield>
    <subfield code="d">NVK</subfield>
    <subfield code="d">OBN</subfield>
    <subfield code="d">OCLCQ</subfield>
    <subfield code="d">DLC</subfield>
    <subfield code="d">CRL</subfield>
    <subfield code="d">DLC</subfield>
    <subfield code="d">OCLCQ</subfield>
    <subfield code="d">OCLCF</subfield>
    <subfield code="d">DLC</subfield>
    <subfield code="d">OCLCQ</subfield>
    <subfield code="d">OCLCL</subfield>
    <subfield code="d">U3W</subfield>
  </datafield>
  <datafield ind1=" " ind2=" " tag="042">
    <subfield code="a">pcc</subfield>
    <subfield code="a">nsdp</subfield>
  </datafield>
  <datafield ind1=" " ind2=" " tag="043">
    <subfield code="a">n-us-mo</subfield>
  </datafield>
  <datafield ind1="0" ind2="0" tag="050">
    <subfield code="a">Newspaper</subfield>
  </datafield>
  <datafield ind1=" " ind2="4" tag="222">
    <subfield code="a">The St. Louis Republic</subfield>
  </datafield>
  <datafield ind1="0" ind2="4" tag="245">
    <subfield code="a">The St. Louis Republic.</subfield>
  </datafield>
  <datafield ind1="3" ind2=" " tag="246">
    <subfield code="a">Saint Louis Republic</subfield>
  </datafield>
  <datafield ind1=" " ind2=" " tag="260">
    <subfield code="a">St. Louis, Mo. :</subfield>
    <subfield code="b">G. Knapp &amp; Co.</subfield>
  </datafield>
  <datafield ind1=" " ind2=" " tag="300">
    <subfield code="a">volumes</subfield>
  </datafield>
  <datafield ind1=" " ind2=" " tag="310">
    <subfield code="a">Daily</subfield>
  </datafield>
  <datafield ind1=" " ind2=" " tag="336">
    <subfield code="a">text</subfield>
    <subfield code="b">txt</subfield>
    <subfield code="2">rdacontent</subfield>
  </datafield>
  <datafield ind1=" " ind2=" " tag="337">
    <subfield code="a">unmediated</subfield>
    <subfield code="b">n</subfield>
    <subfield code="2">rdamedia</subfield>
  </datafield>
  <datafield ind1=" " ind2=" " tag="338">
    <subfield code="a">volume</subfield>
    <subfield code="b">nc</subfield>
    <subfield code="2">rdacarrier</subfield>
  </datafield>
  <datafield ind1="0" ind2=" " tag="362">
    <subfield code="a">Vol. 80, no. 21,173 (May 31, 1888)-v. 112, no. 157 (Dec. 4, 1919).</subfield>
  </datafield>
  <datafield ind1=" " ind2=" " tag="500">
    <subfield code="a">July 12, 1908 issue called also "100th Anniversary edition."</subfield>
  </datafield>
  <datafield ind1=" " ind2=" " tag="530">
    <subfield code="a">Also issued on microfilm from the Library of Congress, Photoduplication Service.</subfield>
  </datafield>
  <datafield ind1=" " ind2=" " tag="530">
    <subfield code="a">Archived issues are available in digital format as part of the Library of Congress Chronicling America online collection.</subfield>
  </datafield>
  <datafield ind1=" " ind2=" " tag="580">
    <subfield code="a">Weekly ed.: Republic (Saint Louis, Mo.).</subfield>
  </datafield>
  <datafield ind1=" " ind2="0" tag="651">
    <subfield code="a">Saint Louis (Mo.)</subfield>
    <subfield code="v">Newspapers.</subfield>
  </datafield>
  <datafield ind1=" " ind2="0" tag="651">
    <subfield code="a">Saint Louis County (Mo.)</subfield>
    <subfield code="v">Newspapers.</subfield>
  </datafield>
  <datafield ind1=" " ind2="7" tag="651">
    <subfield code="a">Missouri</subfield>
    <subfield code="z">Saint Louis.</subfield>
    <subfield code="2">fast</subfield>
    <subfield code="0">(OCoLC)fst01204930</subfield>
    <subfield code="1">https://id.oclc.org/worldcat/entity/E39PBJrRkfvhKWVMB6FcBjD6rq</subfield>
  </datafield>
  <datafield ind1=" " ind2="7" tag="651">
    <subfield code="a">Missouri</subfield>
    <subfield code="z">Saint Louis County.</subfield>
    <subfield code="2">fast</subfield>
    <subfield code="0">(OCoLC)fst01210213</subfield>
    <subfield code="1">https://id.oclc.org/worldcat/entity/E39PBJyCFmtWVmfhbb3DmJYQMP</subfield>
  </datafield>
  <datafield ind1=" " ind2="0" tag="655">
    <subfield code="a">Electronic journals.</subfield>
  </datafield>
  <datafield ind1=" " ind2="7" tag="655">
    <subfield code="a">Newspapers.</subfield>
    <subfield code="2">fast</subfield>
    <subfield code="0">(OCoLC)fst01423814</subfield>
  </datafield>
  <datafield ind1=" " ind2="7" tag="655">
    <subfield code="a">Newspapers.</subfield>
    <subfield code="2">lcgft</subfield>
    <subfield code="0">https://id.loc.gov/authorities/genreForms/gf2014026132</subfield>
  </datafield>
  <datafield ind1=" " ind2=" " tag="752">
    <subfield code="a">United States</subfield>
    <subfield code="b">Missouri</subfield>
    <subfield code="c">Saint Louis</subfield>
    <subfield code="d">Saint Louis.</subfield>
  </datafield>
  <datafield ind1="1" ind2=" " tag="775">
    <subfield code="t">Republic (Saint Louis, Mo.)</subfield>
    <subfield code="w">(DLC)sn 89077476</subfield>
  </datafield>
  <datafield ind1="0" ind2="0" tag="780">
    <subfield code="t">Missouri republican (Saint Louis, Mo. : 1876)</subfield>
    <subfield code="w">(DLC)sn 84020273</subfield>
  </datafield>
  <datafield ind1="0" ind2="4" tag="785">
    <subfield code="t">St. Louis globe-Democrat (Saint Louis, Mo. : 1875)</subfield>
    <subfield code="x">2574-6642</subfield>
    <subfield code="w">(DLC)sn 83045405</subfield>
    <subfield code="w">(OCoLC)9459059</subfield>
  </datafield>
  <datafield ind1="4" ind2="1" tag="859">
    <subfield code="u">http://www.loc.gov/chroniclingamerica/lccn/sn84020274/issues</subfield>
  </datafield>
  <datafield ind1=" " ind2=" " tag="906">
    <subfield code="a">7</subfield>
    <subfield code="b">cbc</subfield>
    <subfield code="c">serials</subfield>
    <subfield code="d">u</subfield>
    <subfield code="e">ncip</subfield>
    <subfield code="f">19</subfield>
    <subfield code="g">n-oclcserc</subfield>
  </datafield>
  <datafield ind1="0" ind2=" " tag="925">
    <subfield code="a">Acquire</subfield>
    <subfield code="b">1 shelf copy</subfield>
    <subfield code="x">policy default</subfield>
  </datafield>
  <datafield ind1=" " ind2=" " tag="955">
    <subfield code="k">xf14 2010-08-30 telework;</subfield>
  </datafield>
  <datafield ind1=" " ind2=" " tag="955">
    <subfield code="a">LCAP batch update 2025-06-09-04:00: LCAPM-893</subfield>
  </datafield>
  <datafield ind1=" " ind2=" " tag="985">
    <subfield code="a">serpull/chronam</subfield>
    <subfield code="e">ndnp</subfield>
  </datafield>
</record>
